000
00430nam a22001457a 4500
003
SGT
020
_a
9789385167157
082
_a
070
_b
G19A
100
_a
अग्रवाला , रोशनलाल
245
_a
गरीबी रेखा नहीं अमीरी रेखा
260
_b
आर्थिक न्याय संस्थान
_c
2019
300
_a
127
650
_a
JOURNALISM
942
_2
ddc
_c
BK
999
_c
28819
_d
28819